000 00264nam a2200097Ia 4500
001 707528
005 20250826162509.0
008 250824s9999 xx 000 0 und d
245 0 _aATEŞ HANIMIN ÇÖL DERSLERİ
_cVALERİE WİLDİNG
260 _bBEYAZ BALİNA YAYINLARI
999 _c707528
_d707528